| 000 | nam a22 a 4500 | ||
|---|---|---|---|
| 999 |
_c1204 _d1204 |
||
| 005 | 20170508153951.0 | ||
| 008 | 170508b1979 my ||||| |||| 00| 0 m d | ||
| 040 | _aAKMAL | ||
| 082 |
_222 _a297.5 JAL |
||
| 090 |
_a297.5 _bJAL |
||
| 100 |
_aAbdul Jalil Hassan _d1914-1990 _92425 |
||
| 245 |
_aFalsafah dan pengetahuan Islam / _cTan Sri Prof Abdul Jalil Hassan |
||
| 250 | _aEd. ke 2 | ||
| 260 |
_aKuala Lumpur _bDBP, Kementerian Pelajaran Malaysia _c1979 |
||
| 300 |
_ax, 59p. _c22cm |
||
| 505 | _aMengandungi ayat-ayat dari Quran | ||
| 650 |
_aPhilosophy, Islamic _9874 |
||
| 942 |
_2ddc _cBOOK |
||